000 00366nam a2200157 i 4500
001 bg
100 1 _aBELCHER, R.
245 0 _aNowe metody w analizie chemicznej /
_cR. Belcher, C. Wilson.
260 _aWarszawa,
_c1958.
700 1 _aWILSON, C.
040 _cBPK
041 _apol
080 _a543
942 _cKS
008 s pl f |000 0 pol
999 _c10535
_d10535
856 _uhttp://koha.tu.koszalin.pl/cgi-bin/koha/opac-detail.pl?biblionumber=10535
_yKatalog online BPK